International timesharing

Αποθηκεύτηκε σε:
Λεπτομέρειες βιβλιογραφικής εγγραφής
Κύριος συγγραφέας: Edmonds, James
Μορφή: Βιβλίο
Γλώσσα:English
Δημοσίευση: London : Longman, 1991
Έκδοση:3rd ed.
Θέματα:
Ετικέτες: Προσθήκη ετικέτας
Δεν υπάρχουν, Καταχωρήστε ετικέτα πρώτοι!

MARC

LEADER 00000nam a2200000 i 4500
001 1/62066
008 960531s1991 eng d
020 |a 0-85121-7060 
035 |l 10029007 
040 |a GR-MY-UA  |b gre  |e aacr 
041 0 |a eng 
082 0 |a 346.0433 
100 1 |a Edmonds, James. 
245 1 0 |a International timesharing /  |c James Edmonds 
250 |a 3rd ed. 
260 |a London :   |b Longman,   |c 1991 
300 |a 662 σ. 
504 |a Περιλαμβάνει βιβλιογραφία και ευρετήριο 
650 0 0 |a Real property. 
650 0 0 |a Tourism  |x Law and legislation. 
852 |a INST  |b CHIOS  |e 19960531  |h 346.0433 EDM  |p 005200001543  |q 005200001543  |t BK  |y 0 
909 |a Χ  |b 041191